Assassin's Creed - Statystyki

Ogólne statystyki
  • Ten quiz został rozwiązany 947 razy
  • Średni wynik to 16 z 40
Statystyki odpowiedzi
Pytanie Odpowiedź % Poprawnych
Główni przeciwnicy Assassynów Templariusze
97%
Maszyna, służąca do odtwarzania wspomnień Animus
85%
Którego palca, niegdyś musieli pozbyć się Assassyni Serdecznego
79%
Jak nazywa się słynny skok Skok wiary
73%
Charakterystyczna broń Assassynów Ukryte ostrze
72%
Firma współczesnych Templariuszy Abstergo
71%
Główny bohater Altaïr ibn La-Ahad
68%
Gdzie rozgrywa się akcja Origins Egipt
67%
Gdzie rozgrywa się akcja Odyssey Grecja
65%
Gdzie rozgrywa się akcja Unity Paryż
61%
Gdzie rozgrywa się akcja Syndicate Londyn
59%
Podczas której Rewolucji mają miejsce wydarzenia z Unity Francuskiej
55%
Gdzie rozgrywa się akcja Florencja
54%
Obiekt 17 Desmond Miles
50%
Jakiego statku jesteśmy kapitanem w IV części Kawki
50%
Bohater trylogii Ezio Auditore da Firenze
46%
Część gry, w której wcielamy się w Templariusza, byłego Assassyna Rogue
45%
Papież, antagonista Rodrigo Borgia
44%
Przyjaciel Ezia Leonardo da Vinci
43%
Co służyło Assassynom, jako dowód zabójstwa Pióro
42%
Jak miał na imię ojciec Connora Haytham
36%
Kto zabił ojca Arno Shay Patrick Cormack
35%
Mentor Al Mualim
29%
Podczas której Rewolucji mają miejsce wydarzenia Amerykańskiej
27%
W czyjego przodka wcielamy się w AC:Odyssey Leonidasa
23%
Motto Assassynów Nic nie jest prawdziwe, wszystko jest dozwolone.
22%
Obiekt, który poświęca się pod koniec 17
20%
Jedna z Isu, odpowiedniczka Ateny Minerwa
20%
Główny cel Robert de Sable
19%
Obiekt 16 Clay Kaczmarek
16%
Skutek uboczny korzystania z Animusa Efekt krwawienia
16%
Jak nazywał się statek Shaya Morrigan
16%
Przyjaciółka Desmonda, jego miłość. Lucy Stillman
15%
Oprogramowanie działające na zasadzie chmury Helix
13%
Plemienne imię bohatera Ratonhnhaké:ton
12%
Wróg Desmonda, odpowiedzialny za projekt Animus, obiekt 2 Warren Vidic
12%
Przyjaciel Desmonda Shaun Hastings
11%
Przyjaciółka Desmonda Rebecca Crane
10%
Jak nazywał się statek Adéwalé Experto Crede
5%
Jak nazywały się dzieci Ezia Marcello i Flavia
4%
Nie znaleziono quizów pasujących do podanych kryteriów
Rozkład punktacji
Procent ludzi z każdym wynikiem
Percentyl według liczby udzielonych odpowiedzi
Twoja historia wyników
Nie rozwiązałeś tego quizu